000
00316nam a2200133Ia 4500
005
20260330110344.0
008
260330s9999||||xx |||||||||||||| ||und||
020
_a
9789585731783
041
_a
spa
245
0
_a
SueƱan Los Androides Con Alpacas Electricas /
_c
0
260
_a
:
_b
.
650
_a
CUENTO
942
_c
BKL
999
_c
671
_d
671